000 00417nam a2200157 4500
999 _c509458
_d509458
008 190509b ||||| |||| 00| 0 eng d
100 _aCondra, Luke N. et al
_95290
245 _aThe logic of insurgent electoral violence
260 _c2018
300 _ap.3199-3231.
650 _aViolence
_95291
650 _aInsurgency
_95292
773 _aAmerican Economic Review
906 _aElections
942 _2ddc
_cAR